<?xml version="1.0" encoding="UTF-8"?>
<record
    xmlns:xsi="http://www.w3.org/2001/XMLSchema-instance"
    xsi:schemaLocation="http://www.loc.gov/MARC21/slim http://www.loc.gov/standards/marcxml/schema/MARC21slim.xsd"
    xmlns="http://www.loc.gov/MARC21/slim">

  <leader>02022nam a2200289 i 4500</leader>
  <controlfield tag="001">000048314</controlfield>
  <controlfield tag="003">DO-SdBNP</controlfield>
  <controlfield tag="005">20240206140626.0</controlfield>
  <controlfield tag="007">ta</controlfield>
  <controlfield tag="008">190122s2019    dr a    r     000 0 spa d</controlfield>
  <datafield tag="040" ind1=" " ind2=" ">
    <subfield code="a">DO-SdBNP</subfield>
    <subfield code="b">spa</subfield>
    <subfield code="c">BNPHU</subfield>
    <subfield code="e">rda</subfield>
  </datafield>
  <datafield tag="082" ind1=" " ind2="4">
    <subfield code="b">R426p, 2019</subfield>
    <subfield code="2">22</subfield>
  </datafield>
  <datafield tag="110" ind1="2" ind2=" ">
    <subfield code="a">Rep&#xFA;blica Dominicana</subfield>
    <subfield code="b">Direcci&#xF3;n General de Presupuesto</subfield>
    <subfield code="9">74075</subfield>
  </datafield>
  <datafield tag="245" ind1="1" ind2="0">
    <subfield code="a">Presupuesto ciudadano 2019 :</subfield>
    <subfield code="b">ley no. 61-18 del presupuesto general del Estado 2019 /</subfield>
  </datafield>
  <datafield tag="264" ind1=" " ind2="1">
    <subfield code="a">Santo Domingo :</subfield>
    <subfield code="b">Ministerio de Hacienda,</subfield>
    <subfield code="b">Direcci&#xF3;n General de Presupuesto,</subfield>
    <subfield code="c">[2019].</subfield>
  </datafield>
  <datafield tag="300" ind1=" " ind2=" ">
    <subfield code="a">21 p&#xE1;ginas</subfield>
    <subfield code="b">ilustraciones</subfield>
    <subfield code="c">22 cm.</subfield>
  </datafield>
  <datafield tag="336" ind1=" " ind2=" ">
    <subfield code="2">rdacontent</subfield>
    <subfield code="a">texto</subfield>
    <subfield code="b">txt</subfield>
  </datafield>
  <datafield tag="337" ind1=" " ind2=" ">
    <subfield code="2">rdamedia</subfield>
    <subfield code="a">sin mediaci&#xF3;n</subfield>
    <subfield code="b">n</subfield>
  </datafield>
  <datafield tag="338" ind1=" " ind2=" ">
    <subfield code="2">rdacarrier</subfield>
    <subfield code="a">volumen</subfield>
    <subfield code="b">nc</subfield>
  </datafield>
  <datafield tag="505" ind1=" " ind2=" ">
    <subfield code="t">&#xBF;C&#xF3;mo se elabora el presupuesto? 6 -- </subfield>
    <subfield code="t">&#xBF;Qu&#xE9; contempla la ley 61-18 del presupuesto general del Estado 2019? 7 -- </subfield>
    <subfield code="t">Principales variables macroecon&#xF3;micas que se usaron para elaborar la ley no. 61-18 del presupuesto general del Estado 2019 8 -- </subfield>
    <subfield code="t">Pilares fundamentales que sirvieron de base para la elaboraci&#xF3;n de la ley no. 61-18 del presupuesto general del Estado 2019 9 -- </subfield>
    <subfield code="t">De cada 100 pesos que reciba el gobierno en 2019 provendr&#xE1;n de 10 -- </subfield>
    <subfield code="t">En el 2019, se tomar&#xE1; prestado de 11 -- </subfield>
    <subfield code="t">Cada 100 pesos que gaste el Gobierno se destinar&#xE1;n a 12 -- </subfield>
    <subfield code="t">&#xBF;Qui&#xE9;n lo gastar&#xE1;? (Clasificaci&#xF3;n institucional) Millones RD$ 13 --</subfield>
    <subfield code="t"> &#xBF;En qu&#xE9; se gastar&#xE1;? (Clasificaci&#xF3;n econ&#xF3;mica) Millones RD$ 14 -- </subfield>
    <subfield code="t">Principales proyectos de inversi&#xF3;n Millones RD$ 15 -- </subfield>
    <subfield code="t">&#xBF;Para qu&#xE9; se gastar&#xE1;) (Clasificaci&#xF3;n funcional) Millones RD$ 16 -- </subfield>
    <subfield code="t">Para el 2019 se continuar&#xE1; con la reducci&#xF3;n del d&#xE9;ficit del Gobierno 17 -- </subfield>
    <subfield code="t">&#xBF;D&#xF3;nde se consigue m&#xE1;s informaci&#xF3;n acerca del Presupuesto? 18</subfield>
  </datafield>
  <datafield tag="590" ind1=" " ind2=" ">
    <subfield code="a">Inventariado, 2019/DG</subfield>
  </datafield>
  <datafield tag="650" ind1=" " ind2="4">
    <subfield code="a">Presupuesto nacional</subfield>
    <subfield code="z">Rep&#xFA;blica Dominicana</subfield>
    <subfield code="y">2016</subfield>
    <subfield code="9">75735</subfield>
  </datafield>
  <datafield tag="650" ind1=" " ind2="4">
    <subfield code="a">Hacienda p&#xFA;blica</subfield>
    <subfield code="z">Rep&#xFA;blica Dominicana</subfield>
    <subfield code="9">6562</subfield>
  </datafield>
  <datafield tag="651" ind1=" " ind2="4">
    <subfield code="a">Rep&#xFA;blica Dominicana</subfield>
    <subfield code="x">Gastos Presupuestarios P&#xFA;blicos</subfield>
    <subfield code="9">36795</subfield>
  </datafield>
  <datafield tag="910" ind1=" " ind2=" ">
    <subfield code="a">DG</subfield>
  </datafield>
  <datafield tag="942" ind1=" " ind2=" ">
    <subfield code="2">ddc</subfield>
    <subfield code="c">LF2</subfield>
  </datafield>
  <datafield tag="952" ind1=" " ind2=" ">
    <subfield code="0">0</subfield>
    <subfield code="1">0</subfield>
    <subfield code="2">ddc</subfield>
    <subfield code="5">1</subfield>
    <subfield code="7">0</subfield>
    <subfield code="8">PD-F</subfield>
    <subfield code="a">BNPHU</subfield>
    <subfield code="b">BNPHU</subfield>
    <subfield code="c">CT</subfield>
    <subfield code="d">2022-09-14</subfield>
    <subfield code="o">BNPHU PD xxx R426p, 2019</subfield>
    <subfield code="p">2022-3928</subfield>
    <subfield code="r">2022-09-14</subfield>
    <subfield code="w">2022-09-14</subfield>
    <subfield code="y">LF2</subfield>
  </datafield>
  <datafield tag="952" ind1=" " ind2=" ">
    <subfield code="0">0</subfield>
    <subfield code="1">0</subfield>
    <subfield code="2">ddc</subfield>
    <subfield code="5">1</subfield>
    <subfield code="7">0</subfield>
    <subfield code="8">PD-F</subfield>
    <subfield code="a">BNPHU</subfield>
    <subfield code="b">BNPHU</subfield>
    <subfield code="c">CT</subfield>
    <subfield code="d">2022-09-14</subfield>
    <subfield code="o">BNPHU PD xxx R426p, 2019</subfield>
    <subfield code="p">2022-3929</subfield>
    <subfield code="r">2022-09-14</subfield>
    <subfield code="t">e.2</subfield>
    <subfield code="w">2022-09-14</subfield>
    <subfield code="y">LF2</subfield>
  </datafield>
  <datafield tag="952" ind1=" " ind2=" ">
    <subfield code="0">0</subfield>
    <subfield code="1">0</subfield>
    <subfield code="2">ddc</subfield>
    <subfield code="5">6</subfield>
    <subfield code="7">0</subfield>
    <subfield code="8">PD-F</subfield>
    <subfield code="a">BNPHU</subfield>
    <subfield code="b">BNPHU</subfield>
    <subfield code="c">CT</subfield>
    <subfield code="d">2022-09-14</subfield>
    <subfield code="l">0</subfield>
    <subfield code="o">BNPHU DS xxx R426p, 2019</subfield>
    <subfield code="p">2022-3930</subfield>
    <subfield code="r">2022-09-14</subfield>
    <subfield code="t">e.3</subfield>
    <subfield code="w">2022-09-14</subfield>
    <subfield code="y">LF2</subfield>
  </datafield>
  <datafield tag="952" ind1=" " ind2=" ">
    <subfield code="0">0</subfield>
    <subfield code="1">0</subfield>
    <subfield code="2">ddc</subfield>
    <subfield code="5">6</subfield>
    <subfield code="7">0</subfield>
    <subfield code="8">DS</subfield>
    <subfield code="a">BNPHU</subfield>
    <subfield code="b">BNPHU</subfield>
    <subfield code="c">CT</subfield>
    <subfield code="d">2022-09-14</subfield>
    <subfield code="l">0</subfield>
    <subfield code="o">BNPHU DS R426p, 2019</subfield>
    <subfield code="p">2024-0745</subfield>
    <subfield code="r">2024-02-06</subfield>
    <subfield code="t">e. 4</subfield>
    <subfield code="w">2022-09-14</subfield>
    <subfield code="y">LF2</subfield>
  </datafield>
  <datafield tag="952" ind1=" " ind2=" ">
    <subfield code="0">0</subfield>
    <subfield code="1">0</subfield>
    <subfield code="2">ddc</subfield>
    <subfield code="5">6</subfield>
    <subfield code="7">0</subfield>
    <subfield code="8">DS</subfield>
    <subfield code="a">BNPHU</subfield>
    <subfield code="b">BNPHU</subfield>
    <subfield code="c">CT</subfield>
    <subfield code="d">2022-09-14</subfield>
    <subfield code="l">0</subfield>
    <subfield code="o">BNPHU DS R426p, 2019</subfield>
    <subfield code="p">2024-0746</subfield>
    <subfield code="r">2024-02-06</subfield>
    <subfield code="t">e. 5</subfield>
    <subfield code="w">2022-09-14</subfield>
    <subfield code="y">LF2</subfield>
  </datafield>
  <datafield tag="999" ind1=" " ind2=" ">
    <subfield code="c">52388</subfield>
    <subfield code="d">52388</subfield>
  </datafield>
</record>
